Cities / Kota of Indonesia - Statistics

General Stats
  • This quiz has been taken 588 times
  • The average score is 48 of 94
Answers on the Map
Answers color-coded by a green-red scale on the quiz's map according to % correct below.
 
Answer Stats
Kota Population (2010) % Correct
Jakarta 10,562,088
93%
Denpasar 725,314
88%
Surabaya 2,874,314
88%
Bandung 2,444,160
86%
Medan 2,435,252
84%
Yogyakarta 373,589
81%
Semarang 1,653,524
79%
Palembang 1,668,848
78%
Malang 843,810
77%
Padang 909,040
77%
Bekasi 2,543,676
75%
Bogor 1,043,070
75%
Makassar 1,423,877
75%
Surakarta 522,364
75%
Depok 2,056,335
73%
Tangerang 1,895,486
72%
Banda Aceh 252,899
71%
Banjar 200,973
69%
Jambi 606,200
69%
Bandar Lampung 1,166,066
68%
Batam 1,196,396
68%
Cirebon 333,303
68%
Jayapura 398,478
68%
Serang 692,101
67%
Pontianak 658,685
66%
Balikpapan 688,318
64%
Manado 451,916
64%
Samarinda 827,994
64%
Palu 373,218
62%
Gorontalo 198,539
61%
Banjarmasin 657,663
60%
Bengkulu 373,591
58%
Pekanbaru 983,356
58%
Tegal 273,825
58%
Ambon 347,288
56%
Kediri 286,796
56%
Magelang 121,526
55%
Batu 213,046
53%
Madiun 195,175
53%
Sabang 41,197
53%
Mataram 429,651
52%
Palangka Raya 293,457
52%
Sukabumi 346,325
52%
Bukittinggi 121,028
51%
Cilegon 434,896
51%
Kupang 442,758
51%
Pekalongan 307,150
51%
Tasikmalaya 716,155
51%
Kendari 345,107
50%
Salatiga 192,322
49%
Cimahi 568,400
48%
Pangkal Pinang 218,569
47%
Ternate 205,001
47%
Sorong 284,410
46%
Mojokerto 132,434
45%
Probolinggo 239,649
45%
Tanjung Pinang 227,663
45%
Banjarbaru 253,442
44%
Metro 168,676
44%
Blitar 149,149
43%
Pasuruan 208,006
43%
Bima 155,140
41%
Lhokseumawe 188,713
41%
Parepare 151,454
40%
Singkawang 235,064
40%
Tarakan 242,786
40%
Binjai 291,842
38%
Baubau 159,248
37%
Bontang 178,917
35%
Dumai 316,782
34%
Sibolga 89,584
33%
Tidore 114,480
33%
Bitung 225,134
32%
Palopo 184,681
32%
Padang Panjang 56,311
31%
Langsa 185,971
30%
Pariaman 94,224
30%
Payakumbuh 139,576
30%
Pematang Siantar 268,254
30%
Solok 73,438
29%
Tebing Tinggi 172,838
29%
Tomohon 100,587
29%
Lubuklinggau 234,166
28%
Gunungsitoli 136,017
27%
Kotamobagu 123,722
25%
Sawahlunto 65,138
25%
South Tangerang 1,354,350
25%
Tual 88,280
25%
Prabumulih 193,196
24%
Subulussalam 90,751
23%
Pagar Alam 143,844
22%
Sungai Penuh 96,610
22%
Tanjung Balai 176,027
22%
Padang Sidempuan 225,105
21%
No matching quizzes found
Score Distribution
Percent of People with Each Score
Percentile by Number Answered
Your Score History
You have not taken this quiz